000 00295nam a22001337a 4500
008 170629b xxu||||| |||| 00| 0 eng d
020 _a2900312594588
041 _aeng
080 _24TH
_a05
100 _a22
101 _aGJL
245 _aTHE EVERYDAY WRITER
_cLUNSFORD,A,A
942 _2udc
_cBK
999 _c19660
_d19660